Science and the future of arid lands
Đã lưu trong:
| 主要作者: | |
|---|---|
| 格式: | 圖書 |
| 語言: | Undetermined |
| 出版: |
Paris
United Nations Educational
1963
|
| 主題: | |
| 標簽: |
添加標簽
沒有標簽, 成為第一個標記此記錄!
|
| Thư viện lưu trữ: | Trung tâm Học liệu Trường Đại học Cần Thơ |
|---|
| LEADER | 00498nam a2200181Ia 4500 | ||
|---|---|---|---|
| 001 | CTU_81436 | ||
| 008 | 210402s9999 xx 000 0 und d | ||
| 082 | |a 333.7 | ||
| 082 | |b W582 | ||
| 100 | |a White, Gilbert F. | ||
| 245 | 0 | |a Science and the future of arid lands | |
| 245 | 0 | |c Gilbert F. White | |
| 260 | |a Paris | ||
| 260 | |b United Nations Educational | ||
| 260 | |c 1963 | ||
| 650 | |a Arid regions,Lands | ||
| 904 | |i Trọng Hải | ||
| 980 | |a Trung tâm Học liệu Trường Đại học Cần Thơ | ||